| 000 | 00830nam a2200205 i 4500 | ||
|---|---|---|---|
| 001 | bg | ||
| 245 | 0 | 0 |
_aChallenges to civil and mechanical engineering in 2000 and beyond : _b[proceedings of the international conference, Wrocław June 2-5 1997]. _nVol. 3 / _ced.by R.Ciesielski [et. al. ; org. of conference Polish Academy of Sciences - Wrocław Branch et. al.]. |
| 260 |
_a[Warszawa : _bOśrodek Wydawniczo-Poligraficzny SIMP, _c1997]. |
||
| 300 |
_a650 s. : _bfot., mapy, rys., wykr. ; _c24 cm. |
||
| 504 | _aBibliogr., summ. przy ref. | ||
| 650 | 9 |
_aTechnika _xzagadnienia |
|
| 650 | 9 |
_aTechnika _xprognozy |
|
| 655 | _aMateriały konferencyjne | ||
| 700 | 1 |
_aCIESIELSKI, Roman _d(1924- ). _eRed. |
|
| 040 | _cBPK | ||
| 041 | 0 | _apl | |
| 080 | _a62.001.18(061.3) | ||
| 942 | _cKS | ||
| 008 | s pl f |000 0 pol | ||
| 999 |
_c31468 _d31468 |
||
| 856 |
_uhttp://koha.tu.koszalin.pl/cgi-bin/koha/opac-detail.pl?biblionumber=31468 _yKatalog online BPK |
||